005480000a220014500045001000039000007000033000392450134000720410014002066500024002206500015002446500027002596500019002866510062003057730035003671 aMurcia Rodríguez, Miguel Antonio1 aOchoa Reyes, Martha Patricia10aRespiración del suelo en una comunidad sucesional de pastizal del bosque altoandino en la cuenca del río Pamplonita, Colombia0 aEspañol14aBosques altoandinos14aPastizales14aSucesión ecológica14aEstacionalidad 4dNorte de SantanderlReserva Natural El VolcánmPamplona1 tCaldasiah2q337-353d2008g30